[Event "ODJM B 2014"]
[Site "Magdeburg GER"]
[Date "2014.06.08"]
[Round "2"]
[White "Bardorz, Stefan"]
[Black "Kostanyan, Hakob"]
[Result "1-0"]
[Termination "normal"]
[Board "27"]
[WhiteElo "1047"]
[BlackElo "1178"]
[PlyCount "129"]
[WhiteFideId "16245474"]
[BlackFideId "12977683"]
[EventCountry "GER"]
[EventRounds "9"]
[EventType "swiss"]
[EventDate "2014.06.07"]

1. e4 e5 2. Nf3 Nc6 3. d4 exd4 4. Nxd4 Nf6 5. Nxc6 bxc6 6. Nc3 Bc5 7. Bc4 O-O
8. O-O h6 9. Bf4 Bb7 10. Qf3 Bd4 11. Rfe1 c5 12. Nd5 Bxd5 13. Bxd5 c6 14. Bc4
d6 15. Rab1 d5 16. c3 dxe4 17. Qh3 g5 18. cxd4 gxf4 19. Qxh6 Qxd4 20. Qg5+ Kh8
21. b3 e3 22. fxe3 fxe3 23. Qxe3 Qxe3+ 24. Rxe3 Nd5 25. Rh3+ Kg7 26. Rf1 f6 27.
Rg3+ Kf7 28. Re3 Kg7 29. Bxd5 cxd5 30. Rc1 Rac8 31. Rec3 c4 32. bxc4 dxc4 33.
Rxc4 Rxc4 34. Rxc4 Rf7 35. Rc2 Rb7 36. Kf2 a5 37. a4 Rb4 38. Ra2 Kg6 39. g3 Kg5
40. h3 f5 41. Kg2 Rb3 42. Rf2 Ra3 43. h4+ Kf6 44. Rf4 Ra2+ 45. Kh3 Ra3 46. Kg2
Ra2+ 47. Rf2 Rxa4 48. Rb2 Re4 49. Rb6+ Kg7 50. Rb5 a4 51. Rxf5 a3 52. Ra5 Re3
53. Kh3 Kg6 54. Kg4 Rb3 55. Ra6+ Kf7 56. h5 Kg7 57. Kh4 Kh7 58. g4 Kh8 59. h6
Kg8 60. g5 Kh7 61. Kg4 Rb4+ 62. Kh5 Rb3 63. g6+ Kg8 64. Ra8+ Rb8 65. Rxb8# 1-0

[Event "ODJM B 2014"]
[Site "Magdeburg GER"]
[Date "2014.06.08"]
[Round "2"]
[White "Pahl, Erik"]
[Black "Yi, Wendy"]
[Result "0-1"]
[Termination "normal"]
[Board "28"]
[WhiteElo "1028"]
[BlackElo "1159"]
[PlyCount "86"]
[WhiteFideId "16201272"]
[BlackFideId "16224850"]
[EventCountry "GER"]
[EventRounds "9"]
[EventType "swiss"]
[EventDate "2014.06.07"]

1. e4 e5 2. Nc3 Bc5 3. f4 d6 4. Nf3 Nc6 5. Bb5 Bg4 6. h3 Bxf3 7. Qxf3 Nf6 8.
Nd5 O-O 9. Nc3 Nd4 10. Qd3 Nh5 11. Ne2 Nxe2 12. Qxe2 Qh4+ 13. Kd1 Nxf4 14. Qf3
Nh5 15. d3 Nf6 16. Bc4 c6 17. Rf1 Rad8 18. Bd2 d5 19. exd5 cxd5 20. Bb3 e4 21.
Qf5 Qh5+ 22. Qxh5 Nxh5 23. dxe4 dxe4 24. Re1 e3 25. Re2 exd2 26. Rxd2 Rxd2+ 27.
Kxd2 Nf4 28. Rb1 Nxg2 29. Bd5 Rd8 30. c4 Nf4 31. Kc3 Nxd5+ 32. cxd5 Rxd5 33.
Kc4 Rh5 34. Rd1 h6 35. Rd7 b6 36. Rd8+ Kh7 37. Rd3 f6 38. b4 Rh4+ 39. Kb5 Rxb4+
40. Kc6 Rb2 41. Rd7 Rxa2 42. h4 a5 43. Ra7 Rh2 0-1

[Event "ODJM B 2014"]
[Site "Magdeburg GER"]
[Date "2014.06.08"]
[Round "2"]
[White "Meinschien, Nick"]
[Black "Höglauer, Jenny"]
[Result "1-0"]
[Termination "normal"]
[Board "30"]
[WhiteElo "996"]
[BlackElo "1141"]
[PlyCount "55"]
[WhiteFideId "12989673"]
[BlackFideId "12982598"]
[EventCountry "GER"]
[EventRounds "9"]
[EventType "swiss"]
[EventDate "2014.06.07"]

1. e4 c5 2. Nf3 a6 3. Nc3 e6 4. Bc4 b5 5. Bd3 Bb7 6. a3 Nc6 7. Be2 Qc7 8. d3
Nf6 9. Bg5 Be7 10. O-O Ne5 11. Nxe5 Qxe5 12. Be3 Bd6 13. f4 Qd4 14. Bxd4 cxd4
15. Nb1 Bc5 16. b4 Bb6 17. Bf3 Rc8 18. Kh1 O-O 19. e5 Bxf3 20. Qxf3 Nd5 21. Ra2
Ne3 22. Rc1 Rc6 23. Nd2 Rfc8 24. Ne4 Nxc2 25. Nd6 Ne3 26. Rxc6 Rxc6 27. Ra1 Rc3
28. Qa8+ 1-0

[Event "ODJM B 2014"]
[Site "Magdeburg GER"]
[Date "2014.06.08"]
[Round "2"]
[White "Hoffmann, Simon"]
[Black "Lohrmann, Linus"]
[Result "1-0"]
[Termination "normal"]
[Board "31"]
[WhiteElo "1126"]
[BlackElo "978"]
[PlyCount "107"]
[WhiteFideId "12979686"]
[BlackFideId "12982857"]
[EventCountry "GER"]
[EventRounds "9"]
[EventType "swiss"]
[EventDate "2014.06.07"]

1. e4 e5 2. Nf3 Nc6 3. Bc4 Bc5 4. d3 Nf6 5. Nc3 O-O 6. Bg5 Be7 7. O-O Ng4 8.
Be3 d6 9. h3 Nxe3 10. fxe3 Bh4 11. Kh2 Qf6 12. Nd5 Qg6 13. Nxh4 Qh6 14. Nf5
Bxf5 15. Rxf5 Na5 16. Bb3 c6 17. Ne7+ Kh8 18. Rxf7 Rxf7 19. Bxf7 Qxe3 20. Nf5
Qf4+ 21. Kg1 g6 22. Nxd6 Rd8 23. Nc4 Nxc4 24. Bxc4 b5 25. Bb3 a5 26. Qf3 a4 27.
Qxf4 exf4 28. Be6 Rd6 29. Bg4 h5 30. Be2 c5 31. Rf1 c4 32. Rxf4 cxd3 33. Bxd3
Kh7 34. Rf1 b4 35. b3 axb3 36. axb3 Rc6 37. Re1 Kh6 38. e5 Re6 39. Bc4 Re7 40.
e6 Kh7 41. Kf2 Kg7 42. Ke3 Kf8 43. Kd4 Ke8 44. Ke5 g5 45. Rd1 h4 46. Bb5+ Kf8
47. Rd7 Ke8 48. Rd6+ Kf8 49. Rd8+ Kg7 50. Rd7 Kf8 51. Kf6 Ke8 52. Rd6+ Kf8 53.
Rd8+ Re8 54. Rxe8# 1-0

[Event "ODJM B 2014"]
[Site "Magdeburg GER"]
[Date "2014.06.08"]
[Round "2"]
[White "Norf, Lasse"]
[Black "Kung, Fanny"]
[Result "0-1"]
[Termination "normal"]
[Board "32"]
[WhiteElo "923"]
[BlackElo "1118"]
[PlyCount "118"]
[BlackFideId "12987689"]
[EventCountry "GER"]
[EventRounds "9"]
[EventType "swiss"]
[EventDate "2014.06.07"]

1. e4 d5 2. exd5 Nf6 3. Nc3 Nxd5 4. d4 Nxc3 5. bxc3 Nc6 6. Bf4 e6 7. Nf3 Bd6 8.
Qd2 O-O 9. c4 Qf6 10. Bg5 Qf5 11. Bd3 Qa5 12. c3 e5 13. d5 Nd4 14. cxd4 Bb4 15.
Qxb4 Qxb4+ 16. Bd2 Qe7 17. dxe5 Bg4 18. Nd4 Qxe5+ 19. Be3 Rfe8 20. O-O Re7 21.
Rab1 Rb8 22. c5 Qxd5 23. Rfc1 Rbe8 24. Re1 b6 25. c6 a5 26. a4 Bh5 27. Rb5 Qxd4
28. Bc2 Bg4 29. h3 Qc3 30. Rc1 Qf6 31. hxg4 Kh8 32. g5 Qxc6 33. Be4 Qe6 34. Bf5
Qd6 35. Bc2 Rb8 36. Rd1 Qa3 37. Rbd5 Ree8 38. Bf4 Rbc8 39. Bf5 c6 40. R5d2 Ra8
41. Bd7 Red8 42. Bxc6 Rxd2 43. Rxd2 Qc1+ 44. Kh2 Qxc6 45. Rd6 Qxa4 46. Be5 Rc8
47. Kh3 Qb3+ 48. g3 Kg8 49. f4 Kf8 50. f5 Ke8 51. Bxg7 Qb1 52. g4 Qh1+ 53. Kg3
Rc2 54. Bf6 Qg2+ 55. Kf4 Qf2+ 56. Ke4 Re2+ 57. Kd3 Rd2+ 58. Ke4 Rxd6 59. Ke5
Qd4# 0-1

[Event "ODJM B 2014"]
[Site "Magdeburg GER"]
[Date "2014.06.08"]
[Round "2"]
[White "Alcer, Johanna"]
[Black "Currenti, Alessandro"]
[Result "1-0"]
[Termination "normal"]
[Board "33"]
[WhiteElo "1110"]
[BlackElo "903"]
[PlyCount "89"]
[WhiteFideId "12964450"]
[BlackFideId "12998907"]
[EventCountry "GER"]
[EventRounds "9"]
[EventType "swiss"]
[EventDate "2014.06.07"]

1. e4 e5 2. Nf3 Nc6 3. Bc4 Nf6 4. d3 Bc5 5. Bg5 h6 6. Bh4 d6 7. c3 Bg4 8. b4
Nxb4 9. cxb4 Bxb4+ 10. Nbd2 Qd7 11. O-O g5 12. Bg3 Nh5 13. h3 Bxh3 14. gxh3
Qxh3 15. Nh2 Nxg3 16. fxg3 Bc5+ 17. Kh1 Qxg3 18. Qf3 Qh4 19. Qxf7+ Kd8 20. Qf6+
Kd7 21. Bb5+ c6 22. Bc4 Be3 23. Ndf3 Qh3 24. Qf7+ Kd8 25. Be6 Rh7 26. Qxh7 Qxe6
27. Qh8+ Kc7 28. Qxa8 Qh3 29. Qf8 g4 30. Rae1 Bf4 31. Re2 gxf3 32. Ref2 Bg3 33.
Qxf3 b5 34. Rg1 Qe6 35. Rxg3 Kb6 36. Qf6 Qd7 37. Qxh6 c5 38. Rg6 Kc6 39. Rff6
Kc7 40. Rg7 Kc6 41. Rxd7 Kxd7 42. Rxd6+ Kc7 43. Rg6 b4 44. Rg7+ Kd8 45. Qh8#
1-0

[Event "ODJM B 2014"]
[Site "Magdeburg GER"]
[Date "2014.06.08"]
[Round "2"]
[White "Fromm, Marius"]
[Black "Gan, Maxwell"]
[Result "0-1"]
[Termination "normal"]
[Board "34"]
[WhiteElo "899"]
[BlackElo "1109"]
[PlyCount "70"]
[WhiteFideId "12993190"]
[BlackFideId "16210581"]
[EventCountry "GER"]
[EventRounds "9"]
[EventType "swiss"]
[EventDate "2014.06.07"]

1. e4 e5 2. Nf3 Nc6 3. Nc3 Bc5 4. Bc4 Nf6 5. O-O d6 6. d3 h6 7. Re1 Bg4 8. h3
Bh5 9. Qe2 Nd4 10. Qe3 Nxc2 11. Qe2 Nxe1 12. Qxe1 Bxf3 13. gxf3 Nh5 14. Be3 Nf4
15. Kh2 Qh4 16. Qf1 Rg8 17. Nd5 Kd7 18. Nxf4 exf4 19. Bxc5 dxc5 20. Bxf7 Rgf8
21. Bc4 Qf6 22. Rb1 h5 23. Qg2 g5 24. a3 Rfe8 25. b4 b6 26. bxc5 bxc5 27. Rd1
Re7 28. Qf1 g4 29. fxg4 hxg4 30. hxg4 Rh7+ 31. Kg2 Rah8 32. Kf3 Rh3+ 33. Ke2
Qb2+ 34. Rd2 Re3+ 35. fxe3 Rh2+ 0-1

[Event "ODJM B 2014"]
[Site "Magdeburg GER"]
[Date "2014.06.08"]
[Round "2"]
[White "Katholy, Joshua"]
[Black "Schott, Jan"]
[Result "1-0"]
[Termination "normal"]
[Board "35"]
[WhiteElo "1104"]
[BlackElo "855"]
[PlyCount "25"]
[WhiteFideId "12990647"]
[EventCountry "GER"]
[EventRounds "9"]
[EventType "swiss"]
[EventDate "2014.06.07"]

1. e4 e5 2. Nf3 Nc6 3. Bc4 Bc5 4. d3 Nf6 5. Bg5 h6 6. Bh4 O-O 7. Nc3 Re8 8. Qd2
d6 9. Nd5 Bg4 10. Nxf6+ gxf6 11. Qxh6 d5 12. Bxf6 Bf8 13. Qh8# 1-0

[Event "ODJM B 2014"]
[Site "Magdeburg GER"]
[Date "2014.06.08"]
[Round "2"]
[White "Schneider, Anna"]
[Black "Müdder, Melanie"]
[Result "0-1"]
[Termination "normal"]
[Board "36"]
[WhiteElo "734"]
[BlackElo "1098"]
[PlyCount "144"]
[WhiteFideId "16200527"]
[BlackFideId "12994103"]
[EventCountry "GER"]
[EventRounds "9"]
[EventType "swiss"]
[EventDate "2014.06.07"]

1. e4 e5 2. Nf3 Nc6 3. d4 exd4 4. Bc4 Nf6 5. O-O Nxe4 6. Nxd4 Bc5 7. Nxc6 bxc6
8. Be3 Bxe3 9. fxe3 O-O 10. Qd4 Nf6 11. e4 d5 12. exd5 cxd5 13. Bb5 Bd7 14.
Bxd7 Qxd7 15. Nc3 c6 16. Rf3 Qg4 17. Rf4 Qe6 18. Raf1 Rfe8 19. R1f3 Qe1+ 20.
Rf1 Qe3+ 21. Qxe3 Rxe3 22. Nd1 Re4 23. Nc3 Rxf4 24. Rxf4 Re8 25. Rf1 Ne4 26.
Re1 Kf8 27. Nxe4 Rxe4 28. Rxe4 dxe4 29. Kf2 Ke7 30. Ke3 f5 31. h3 g6 32. g4 h5
33. gxf5 gxf5 34. c4 a5 35. b3 Kd6 36. a3 Ke5 37. b4 f4+ 38. Ke2 Kd4 39. bxa5
f3+ 40. Ke1 Kd3 41. a6 e3 42. a7 f2+ 43. Kf1 Kd2 44. a8=Q e2+ 45. Kxf2 e1=Q+
46. Kf3 Qe2+ 47. Kf4 Qxc4+ 48. Kf5 Qd3+ 49. Ke5 Qxh3 50. Qd8+ Qd3 51. Qg5+ Kc3
52. Qc1+ Qc2 53. Qe3+ Kb2 54. Qb6+ Kxa3 55. Qa6+ Qa4 56. Qd3+ Qb3 57. Qa6+ Kb2
58. Qe2+ Qc2 59. Qxc2+ Kxc2 60. Kf4 c5 61. Kg3 Kd2 62. Kh4 c4 63. Kxh5 c3 64.
Kg4 c2 65. Kf3 c1=Q 66. Ke4 Qc5 67. Kf3 Qd4 68. Kg2 Qe3 69. Kh2 Qg5 70. Kh1 Ke2
71. Kh2 Kf2 72. Kh3 Qg3# 0-1